000 00781nam a22002177a 4500
999 _c2108
_d2108
003 AR-CdUCM
008 190304b ||||| |||| 00| 0 spa d
040 _aMUNICIPALIDAD PROVINCIAL DEL CUSCO
_cBIBLIOTECA MUNICIPAL DEL CUSCO
082 _a330.12 /
_bR63
100 _aRíos Mencia, Jesús
_97616
245 _aRantin :
_bLa economía emergente /
260 _aCusco :
_bEdic.Capac Ayllu,
_c2016.
300 _a135 paginas ;
_c20 cm.
505 _aContenido :Elementos exogenos del campo económico --Elementos endogenos para el campo económico --Algunos principios naturales --La ciencia ...
650 _aEnsayos
_9375
650 _aEconomia
_9382
650 _aEconomia comparada
_97617
650 _aDesarrollo económico
_91696
942 _2ddc
_cLIBROS
945 _arjall